5HLuxD.jpg

KING HENRY VIII SENIOR AND PRIMARY SCHOOL LIBRARY OPAC

Complete English as a second language for Cambridge IGCSE / (Record no. 2736)

000 -LEADER
fixed length control field 02050nam a2200493 i 4500
001 - CONTROL NUMBER
control field 022317463
003 - CONTROL NUMBER IDENTIFIER
control field UkOxU
005 - DATE AND TIME OF LATEST TRANSACTION
control field 20230818102524.0
006 - FIXED-LENGTH DATA ELEMENTS--ADDITIONAL MATERIAL CHARACTERISTICS
fixed length control field m || | |
007 - PHYSICAL DESCRIPTION FIXED FIELD--GENERAL INFORMATION
fixed length control field co |||||||||||
008 - FIXED-LENGTH DATA ELEMENTS--GENERAL INFORMATION
fixed length control field 200317m20142017enka b 001|0 eng d
015 ## - NATIONAL BIBLIOGRAPHY NUMBER
National bibliography number GBC046381
Source bnb
016 7# - NATIONAL BIBLIOGRAPHIC AGENCY CONTROL NUMBER
Record control number 019757054
Source Uk
020 ## - INTERNATIONAL STANDARD BOOK NUMBER
International Standard Book Number 9780198392880
035 ## - SYSTEM CONTROL NUMBER
System control number (Uk)019757054
035 ## - SYSTEM CONTROL NUMBER
System control number (StEdALDL)1/3948755
040 ## - CATALOGING SOURCE
Original cataloging agency StDuBDS
Language of cataloging eng
Description conventions rda
Transcribing agency StDuBDS
Modifying agency UkOxU
-- KH8
049 ## - LOCAL HOLDINGS (OCLC)
Holding library CROBAR
082 04 - DEWEY DECIMAL CLASSIFICATION NUMBER
Classification number 428.240 AKH
100 1# - MAIN ENTRY--PERSONAL NAME
Personal name Akhurst, Chris,
Relator term author.
245 10 - TITLE STATEMENT
Title Complete English as a second language for Cambridge IGCSE /
Statement of responsibility, etc. Chris Akhurst, Lucy Bowley, Brian Dyer, Dean Roberts.
264 #1 - PRODUCTION, PUBLICATION, DISTRIBUTION, MANUFACTURE, AND COPYRIGHT NOTICE
Place of production, publication, distribution, manufacture Oxford :
Name of producer, publisher, distributor, manufacturer Oxford University Press,
Date of production, publication, distribution, manufacture, or copyright notice 2014-2017.
264 #4 - PRODUCTION, PUBLICATION, DISTRIBUTION, MANUFACTURE, AND COPYRIGHT NOTICE
Date of production, publication, distribution, manufacture, or copyright notice ©2014-©2017
300 ## - PHYSICAL DESCRIPTION
Extent 2 volumes :
Other physical details illustrations (chiefly colour) ;
Dimensions 30 cm + 2 CD-ROM's
336 ## - CONTENT TYPE
Content type term text
Source rdacontent
336 ## - CONTENT TYPE
Content type term still image
Source rdacontent
336 ## - CONTENT TYPE
Content type term computer program
Source rdacontent
337 ## - MEDIA TYPE
Media type term unmediated
Source rdamedia
337 ## - MEDIA TYPE
Media type term computer
Source rdamedia
338 ## - CARRIER TYPE
Carrier type term volume
Source rdacarrier
338 ## - CARRIER TYPE
Carrier type term computer disc
Source rdacarrier
347 ## - DIGITAL FILE CHARACTERISTICS
File type program file
Source rda
490 1# - SERIES STATEMENT
Series statement Oxford excellence for Cambridge IGCSE
500 ## - GENERAL NOTE
General note CDs in clear plastic wallets one attached to the inside back cover of each book.
500 ## - GENERAL NOTE
General note CDs include audio files and transcripts in Word or PDF form, with interactive activities, a grammar appendix, a glossary of key vocabulary and links to online resources.
504 ## - BIBLIOGRAPHY, ETC. NOTE
Bibliography, etc. note Includes bibliographical references and index.
505 0# - FORMATTED CONTENTS NOTE
Formatted contents note Complete English as a second language for Cambridge IGCSE / Chris Akhurst, Lucy Bowley, Brian Dyer, Dean Roberts -- Exam success in English as a second language for Cambridge IGCSE / Brian Dyer, Dean Roberts.
650 #0 - SUBJECT ADDED ENTRY--TOPICAL TERM
Topical term or geographic name entry element English language
Form subdivision Textbooks for foreign speakers.
700 1# - ADDED ENTRY--PERSONAL NAME
Personal name Roberts, Dean
Titles and other words associated with a name (English teacher),
Relator term author.
700 1# - ADDED ENTRY--PERSONAL NAME
Personal name Bowley, Lucy,
Relator term author.
700 1# - ADDED ENTRY--PERSONAL NAME
Personal name Dyer, Brian,
Relator term author.
830 #0 - SERIES ADDED ENTRY--UNIFORM TITLE
Uniform title Oxford excellence for Cambridge IGCSE.
942 ## - ADDED ENTRY ELEMENTS (KOHA)
Source of classification or shelving scheme
Koha item type Teaching Resources
Holdings
Withdrawn status Lost status Source of classification or shelving scheme Damaged status Not for loan Collection code Permanent Location Current Location Shelving location Date acquired Full call number Barcode Date last seen Price effective from Koha item type
          Teaching Resources KH8 Senior School Library KH8 Senior School Library Staff Office 2024-11-27 428.240 AKH TRKHSL006202 2024-11-27 2024-11-27 Teaching Resources
          Teaching Resources KH8 Senior School Library KH8 Senior School Library Staff Office 2024-11-27 428.240 AKH TRKHSL006203 2024-11-27 2024-11-27 Teaching Resources

Powered By KH8 IT Dept